| 000 | 00493cam a2200181ua 4500 | ||
|---|---|---|---|
| 001 | 4193 | ||
| 008 | 111220n ii |||gr||||Z||||||asm | ||
| 040 | _cMAIN | ||
| 082 | _a891.4513 | ||
| 100 | 1 |
_aSaikia, Bhabendra Nath, _eEditor., |
|
| 245 | 1 | 1 |
_aPrantikar eta dasakar galpa _ced. by Bhabendra Nath Saikia |
| 250 | _a1st. | ||
| 260 |
_aGuwahati: _bPollard prakashan,994. |
||
| 300 |
_a219p: _c23cm. |
||
| 653 | _aAssamese short stories | ||
| 653 | _aPrantikar eta dasakar galpa | ||
| 942 | _cBK | ||
| 999 |
_c4015 _d4015 |
||